000 01884cam a2200325 a 4500
001 15061791
003 ARRUPE
005 20150713115427.0
008 071029s2009 nyu b 001 0 eng
010 _a 2007044608
020 _a9780195340853 (pbk. : alk. paper)
020 _a019534085X (pbk. : alk. paper)
035 _a(OCoLC)ocn180753661
035 _a(OCoLC)180753661
040 _aDLC
_cDLC
_dDLC
050 0 0 _aBL51
_b.E97 2008
082 0 0 _a210
_222
100 _aCahn, Steven M. (ed.)
_917960
245 0 0 _aExploring philosophy of religion :
_ban introductory anthology /
_cedited by Steven M. Cahn.
260 _aNew York :
_bOxford University Press,
_c2009.
300 _aviii, 375 p. ;
_c24 cm.
504 _aIncludes bibliographical references and index.
505 2 _aThe concept of God -- God and goodness / James Rachels -- God's omnipotence / George Mavrodes -- God's foreknowledge and free will / Augustine -- God's omniscience and contingent events / Levi Gersonides -- Does God know the future? / Steven M. Cahn -- Does God change? / William Hasker -- God and forgiveness / Anne C. Minas -- God and the concept of worship / James Rachels -- The existence of God -- The ontological argument / Anselm and Gaunilo -- The ontological argument : a restatement / René Descartes -- The ontological argument : a critique / Immanuel Kant -- The ontological argument : an assessment / John H. Hick -- The five ways / Thomas Aquinas -- The cosmological argument / Richard Taylor
650 0 _aReligion
_xPhilosophy.
_917961
700 1 _aCahn, Steven M.
_917962
856 4 1 _3Table of contents only
_uhttp://www.loc.gov/catdir/toc/ecip083/2007044608.html
906 _a7
_bcbc
_corignew
_d1
_eecip
_f20
_gy-gencatlg
942 _2lcc
_cMONOGRAPH
999 _c122874
_d122874